00959 a2200169 45000010006000000050017000060080041000230030015000640400040000790800117001192450047002362640033002833000019003165050409003351000026007447000019007704634220260407155735.0260407a1970 arg spa dAR-UNSa-BCEJYS aAR-UNSa-BCEJYSbspacAR-UNSa-BCEJYS a338.2xPolítica económica. Control de la economía. Gestión de la economía. Planificación económica10aTeoría de la planificación económica 1aBarcelona :bOikos-tauc1970 a321 p.c21 cm. aLibro Primero. Categorías económicas : 1. La teoría de los precios – 2. La determinación del precio de los factores de producción – 3. La determinación del precio de los factores de producción - - Libro Segundo. El funcionamiento del sistema económico : 4. La teoría de los costes del capital fijo – 5. La tasa de inversión optima – 6. Planificación : objetivos y medios. 1 aMinguella Rubió, F.1 aHorvat, Branko